|
|
แสดงรายละเอียดบรรณานุกรม |
|
|
Brief Record
: Get Marc (ISO 2709)
: E-mail record
: |
|
|
| LEADER 00000nam 2200000uu 4500 | |||
| 001 206804 | |||
| 003 ULIBM | |||
| 008 111222s2554||||th 000 0 tha d | |||
| 024 9786161107246 | |||
| 040 ^aBcnkk. | |||
| 041 0 ^aThai. | |||
| 060 0 ^aBF 575.H27 ป383ค 2554. | |||
| 100 0 ^aประเวช ตันติพิวัฒนสกุล,นายแพทย์. | |||
| 245 00 ^aคู่มือสร้างสุขระดับจังหวัด : ยุทธศาสตร์ความสุขฉบับพกพา./นายแพทย์ประเวช ตันติพิวัฒนสกุล,เอกอนงค์ สีตลาภินันท์. | |||
| 246 0 ^aยุทธศาสตร์ความสุขฉบับพกพา. | |||
| 250 ^aพิมพ์ครั้งที่ 2. | |||
| 260 ^aนนทบุรี : ^bโรงพิมพ์ชุมนุมสหกรณ์การเกษตรแห่งประเทศไทย จำกัด,^c2554. | |||
| 300 ^aจำนวน 200 หน้า ; ^bภาพประกอบ. | |||
| 650 0 ^aความสุข. | |||
| 700 0 ^aเอกอนงค์ สีตลาภินันท์. | |||
| 710 1 ^aกระทรวงสาธารณสุข. กรมสุขภาพจิต. | |||
| 999 ^aใช้งานได้ทุกระบบ | |||
| คุณยังไม่ได้ล็อกอิน คุณสามารถมีกิจกรรมร่วมกับเว็บไซต์ได้ แต่ต้องล็อกอินก่อน :: |
|
| สถานะ | |||||||||
| 1. | หนังสือทั่วไป | BF 575.H27 ป383ค 2554 | On Shelf ขอยืม | ||||||
| 2. | หนังสือทั่วไป สถานะ=หนังสือเก่า - บริการ ณ ห้องสมุด (ห้องเหลือง) | BF 575.H27 ป383ค 2554 ฉ.3 | On Shelf ขอยืม | ||||||
| 3. | หนังสือทั่วไป สถานะ=หนังสือเก่า - บริการ ณ ห้องสมุด (ห้องเหลือง) | BF 575.H27 ป383ค 2554 ฉ.4 | On Shelf ขอยืม | ||||||
| 4. | หนังสือทั่วไป | BF 575.H27 ป383ค 2554 ฉ.8 | On Shelf ขอยืม | ||||||
| [แสดง 4/4 รายการ] | |||||||||
BibComment |
| คอมเมนท์ทรัพยากรรายการนี้ |
|
|